شعر عبد الله بن معاويه بن عبد الله بن جعفر بن أبي طالب / (رقم التسجيلة. 8311)

تفاصيل مارك
000 -LEADER
fixed length control field 00563nam a22001697a 4500
005 - DATE AND TIME OF LATEST TRANSACTION
control field 20251108164301.0
008 - FIXED-LENGTH DATA ELEMENTS--GENERAL INFORMATION
fixed length control field 250721s1975 xx 000 0 ara d
082 14 - DEWEY DECIMAL CLASSIFICATION NUMBER
Classification number 811.4/عبد
100 1# - MAIN ENTRY--PERSONAL NAME
Personal name الراضي، عبد الحميد
Relator term جامع
245 10 - TITLE STATEMENT
Title شعر عبد الله بن معاويه بن عبد الله بن جعفر بن أبي طالب /
264 1# - PRODUCTION, PUBLICATION, DISTRIBUTION, MANUFACTURE, AND COPYRIGHT NOTICE
Place of production, publication, distribution, manufacture بغداد :
Name of producer, publisher, distributor, manufacturer جامعة بغداد،
Date of production, publication, distribution, manufacture, or copyright notice 1975.
300 ## - PHYSICAL DESCRIPTION
Extent 115ص : مراجع
650 17 - SUBJECT ADDED ENTRY--TOPICAL TERM
Topical term or geographic name as entry element الشعر العربي
650 17 - SUBJECT ADDED ENTRY--TOPICAL TERM
Topical term or geographic name as entry element العصر الأموي
942 ## - ADDED ENTRY ELEMENTS (KOHA)
Source of classification or shelving scheme Dewey Decimal Classification
Koha item type كتب
المقتنيات
حالة السحب حالة الفقدان مصدر التصنيف حالة التلف غير قابل للإعارة المكتبة الرئيسية المكتبة الحالية موقع الرف تاريخ التزويد الرقم المتسلسل Total Checkouts رقم الإستدعاء الباركود تاريخ آخر ظهور تاريخ الفاتورة نوع المادة (كوها)
    Dewey Decimal Classification     المكتبة المركزية المكتبة المركزية الإعارة 06/07/2004 58091   811.4/عبد 58091 28/07/2025 06/07/2004 كتب
Implemented & Customized by: BBB with SCIT (Smart Chains for Information Technology)

Powered by Koha